[Event "Europa ch s-18"]
[Site "Herceg Novi MNT"]
[Date "2008.09.22"]
[Round "7.14"]
[White "Kulakov, Viacheslav"]
[Black "Baryshpolets, Andrey"]
[Result "1/2-1/2"]
[WhiteElo "2360"]
[BlackElo "2413"]
[PlyCount "46"]
[EventDate "2008.09.15"]
[EventType "swiss"]
[EventRounds "9"]
[Source "lmi"]
[SourceDate "2008.09.15"]

1. d4 Nf6 2. c4 g6 3. Nc3 Bg7 4. e4 d6 5. f4 O-O 6. Nf3 c5 7. Be2 cxd4 8. Nxd4
Nc6 9. Nxc6 bxc6 10. O-O Qa5 11. Rb1 Rb8 12. Be3 Rd8 13. Kh1 d5 14. cxd5 cxd5
15. e5 Ne4 16. Nxe4 dxe4 17. Qc2 Be6 18. b3 Rbc8 19. Qb2 f6 20. g4 Qc3 21. Qc1
Qa5 22. Qb2 Qc3 23. Qc1 Qa5 1/2-1/2

[Event "Europa ch s-18"]
[Site "Herceg Novi MNT"]
[Date "2008.09.22"]
[Round "7.16"]
[White "Hayrapetian, Ovik"]
[Black "Khojayan, Vardan"]
[Result "0-1"]
[WhiteElo "2367"]
[BlackElo "2286"]
[PlyCount "58"]
[EventDate "2008.09.15"]
[EventType "swiss"]
[EventRounds "9"]
[Source "lmi"]
[SourceDate "2008.09.15"]

1. d4 Nf6 2. c4 e6 3. Nf3 b6 4. g3 Ba6 5. b3 Bb4+ 6. Bd2 Be7 7. Bg2 c6 8. Bf4
d5 9. O-O Nbd7 10. Nc3 O-O 11. Qc2 Nh5 12. Rfe1 Nxf4 13. gxf4 Rc8 14. f5 exf5
15. Qxf5 dxc4 16. Ne4 Rc7 17. Ne5 cxb3 18. axb3 Bc8 19. Qf4 f5 20. Nc3 Bd6 21.
e4 g5 22. Qc1 Nxe5 23. dxe5 Bxe5 24. exf5 Qf6 25. Ne4 Qxf5 26. Ra2 Qf4 27. Qc4+
Kg7 28. Re3 Rd8 29. Qe2 Bg4 0-1

[Event "Europa ch s-18"]
[Site "Herceg Novi MNT"]
[Date "2008.09.22"]
[Round "7.20"]
[White "Tereick, Benjamin"]
[Black "Gluszko, Tomasz"]
[Result "1-0"]
[WhiteElo "2382"]
[BlackElo "2225"]
[PlyCount "89"]
[EventDate "2008.09.15"]
[EventType "swiss"]
[EventRounds "9"]
[Source "lmi"]
[SourceDate "2008.09.15"]

1. Nf3 g6 2. d4 Nf6 3. g3 Bg7 4. Bg2 O-O 5. O-O d5 6. c4 Nc6 7. Nbd2 dxc4 8.
Nxc4 Be6 9. b3 Bd5 10. Bb2 Re8 11. Re1 Ne4 12. Ne3 e6 13. Nxd5 exd5 14. e3 Re6
15. Re2 f5 16. Ne1 g5 17. Nd3 Ne7 18. b4 Nd6 19. Nc5 Rg6 20. Qb3 c6 21. a4 a6
22. Ree1 Rb8 23. Bf1 Nec8 24. b5 axb5 25. axb5 Nb6 26. bxc6 bxc6 27. Qc2 Rf6
28. Bc3 Nbc4 29. Ra7 Qe8 30. Nd3 Re6 31. Raa1 Bf8 32. Bb4 Ne4 33. Bxf8 Qxf8 34.
Nc5 Nxc5 35. Bxc4 Ne4 36. Bd3 g4 37. Rf1 Nf6 38. f4 Ne4 39. Bxe4 Rxe4 40. Qxc6
Rxe3 41. Ra7 Re2 42. Qc7 Rxh2 43. Kxh2 Qh6+ 44. Kg1 Rf8 45. Re1 1-0

[Event "Europa ch s-18"]
[Site "Herceg Novi MNT"]
[Date "2008.09.22"]
[Round "7.23"]
[White "Guilleux, Fabien"]
[Black "Dzalbo, Andrejs"]
[Result "0-1"]
[WhiteElo "2397"]
[BlackElo "2102"]
[PlyCount "78"]
[EventDate "2008.09.15"]
[EventType "swiss"]
[EventRounds "9"]
[Source "lmi"]
[SourceDate "2008.09.15"]

1. Nf3 Nf6 2. c4 c6 3. e3 d5 4. Qc2 e6 5. b3 Bd6 6. Bb2 Nbd7 7. d4 Ne4 8. g3
Bb4+ 9. Nc3 Qa5 10. Rc1 Qxa2 11. Nd2 Bxc3 12. Bxc3 Qxc2 13. Rxc2 Nxc3 14. Rxc3
Ke7 15. Bg2 Nf6 16. Ke2 Bd7 17. Ra1 g5 18. b4 Ne8 19. e4 dxc4 20. Nxc4 Nd6 21.
Nxd6 Kxd6 22. b5 Rhc8 23. Rca3 cxb5 24. Rxa7 Rxa7 25. Rxa7 Kc7 26. d5 Kb6 27.
Ra2 b4 28. Ke3 e5 29. Kd2 Bb5 30. Bf3 Rc4 31. Rc2 Rd4+ 32. Kc1 Bd3 33. Rd2 Kc5
34. Kb2 f5 35. exf5 Bxf5 36. Re2 e4 37. Bg2 Kxd5 38. f3 e3 39. f4+ Be4 0-1

[Event "Europa ch s-18"]
[Site "Herceg Novi MNT"]
[Date "2008.09.22"]
[Round "7.25"]
[White "Gutenev, Alexander"]
[Black "Botta, Gabriele"]
[Result "1-0"]
[WhiteElo "2280"]
[BlackElo "2158"]
[PlyCount "95"]
[EventDate "2008.09.15"]
[EventType "swiss"]
[EventRounds "9"]
[Source "lmi"]
[SourceDate "2008.09.15"]

1. e4 c5 2. Nf3 Nc6 3. d4 cxd4 4. Nxd4 Nf6 5. Nc3 e5 6. Ndb5 d6 7. Bg5 a6 8.
Na3 Be6 9. Nc4 Rc8 10. Bxf6 Qxf6 11. Nb6 Rb8 12. Nbd5 Qd8 13. Ne3 Be7 14. Bd3
O-O 15. O-O Bg5 16. Ncd5 Kh8 17. c3 g6 18. Kh1 Bxe3 19. Nxe3 f5 20. exf5 gxf5
21. f4 e4 22. Bc2 d5 23. Bb3 d4 24. cxd4 Qxd4 25. Qxd4+ Nxd4 26. Bxe6 Nxe6 27.
Rad1 Rbd8 28. g3 Nd4 29. Kg2 Kg7 30. Rf2 Kf6 31. Rfd2 Ne6 32. Rd5 Rxd5 33. Rxd5
Ng7 34. g4 fxg4 35. Nxg4+ Ke6 36. Re5+ Kd6 37. Rxe4 Ne6 38. Kg3 h5 39. Ne3 Nc5
40. Rd4+ Kc6 41. f5 Nd7 42. Kf4 Rg8 43. Rd2 Nc5 44. b4 Nd7 45. a4 Nb6 46. f6
Rf8 47. Kf5 Nxa4 48. Kg6 1-0

[Event "Europa ch s-18"]
[Site "Herceg Novi MNT"]
[Date "2008.09.22"]
[Round "7.26"]
[White "Nitelea, Barbu Alexandru"]
[Black "Posedaru, Bogdan"]
[Result "1/2-1/2"]
[WhiteElo "2066"]
[BlackElo "2244"]
[PlyCount "41"]
[EventDate "2008.09.15"]
[EventType "swiss"]
[EventRounds "9"]
[Source "lmi"]
[SourceDate "2008.09.15"]

1. e4 c5 2. Nf3 Nc6 3. c3 Nf6 4. e5 Nd5 5. d4 cxd4 6. cxd4 d6 7. Bc4 Nb6 8. Bb5
Bd7 9. Nc3 dxe5 10. Nxe5 Nxe5 11. dxe5 Bxb5 12. Nxb5 Qxd1+ 13. Kxd1 O-O-O+ 14.
Ke2 Rd5 15. a4 Rxe5+ 16. Be3 Nd5 17. Rac1+ Kb8 18. Rhd1 e6 19. Kf3 Rf5+ 20. Ke2
Re5 21. Kf3 1/2-1/2

[Event "Europa ch s-18"]
[Site "Herceg Novi MNT"]
[Date "2008.09.22"]
[Round "7.27"]
[White "Hanley, James L"]
[Black "Green, Andrew D"]
[Result "1/2-1/2"]
[WhiteElo "2243"]
[BlackElo "2038"]
[PlyCount "78"]
[EventDate "2008.09.15"]
[EventType "swiss"]
[EventRounds "9"]
[Source "lmi"]
[SourceDate "2008.09.15"]

1. e4 Nf6 2. e5 Nd5 3. d4 d6 4. c4 Nb6 5. exd6 exd6 6. Nc3 Nc6 7. Be3 Be7 8.
Nf3 Bg4 9. b3 O-O 10. Be2 d5 11. c5 Nc8 12. h3 Be6 13. O-O Bf6 14. Qd2 g6 15.
Bb5 N8e7 16. Bg5 Bh8 17. Rfe1 Qc8 18. Re2 a6 19. Bxc6 Nxc6 20. Qf4 f6 21. Bh6
Re8 22. Qg3 Qd7 23. Bf4 Rac8 24. a3 Ne7 25. Rae1 Nf5 26. Qh2 g5 27. Bc1 h5 28.
Rd1 Re7 29. Ne1 Rce8 30. Nc2 g4 31. hxg4 hxg4 32. g3 Bf7 33. Rxe7 Rxe7 34. Ne3
Nxe3 35. Bxe3 Bg6 36. Qh6 Qf5 37. Qf4 Qh5 38. Qh6 Qf5 39. Qf4 Qh5 1/2-1/2

[Event "Europa ch s-18"]
[Site "Herceg Novi MNT"]
[Date "2008.09.22"]
[Round "7.32"]
[White "Hansen, Martin"]
[Black "Vukcevic, Nemanja"]
[Result "1/2-1/2"]
[WhiteElo "2128"]
[BlackElo "1884"]
[PlyCount "81"]
[EventDate "2008.09.15"]
[EventType "swiss"]
[EventRounds "9"]
[Source "lmi"]
[SourceDate "2008.09.15"]

1. e4 c5 2. c3 e6 3. d4 d5 4. exd5 Qxd5 5. Nf3 Nf6 6. Na3 cxd4 7. Nb5 Qd8 8.
Nbxd4 Be7 9. Bc4 O-O 10. O-O Qc7 11. Qe2 a6 12. Bg5 Nc6 13. Nxc6 Qxc6 14. Bd3
h6 15. Bh4 Qc7 16. Rad1 Nh5 17. Bxe7 Qxe7 18. Bc2 Nf6 19. Ne5 Qc7 20. Rfe1 Bd7
21. Nxd7 Nxd7 22. Rd4 Rfd8 23. Red1 Nf6 24. Qc4 Qe7 25. Qd3 Rxd4 26. Qxd4 Rc8
27. a4 g6 28. g3 Kg7 29. Qd6 Qxd6 30. Rxd6 Kf8 31. Rb6 Rc7 32. Bd1 Nd5 33. Rb3
b6 34. Bf3 Rc4 35. Bxd5 exd5 36. Rxb6 Rxa4 37. Kf1 Ra2 38. Ke2 a5 39. Ke3 a4
40. Ra6 Rxb2 41. Rxa4 1/2-1/2

[Event "Europa ch s-18"]
[Site "Herceg Novi MNT"]
[Date "2008.09.22"]
[Round "7.33"]
[White "Homatidis, Panagiotis"]
[Black "Thorgeirsson, Sverrir"]
[Result "1-0"]
[WhiteElo "2037"]
[BlackElo "2102"]
[PlyCount "119"]
[EventDate "2008.09.15"]
[EventType "swiss"]
[EventRounds "9"]
[Source "lmi"]
[SourceDate "2008.09.15"]

1. e4 c5 2. b3 e6 3. Bb2 a6 4. Nf3 Nc6 5. Be2 d6 6. d4 cxd4 7. Nxd4 Nf6 8. Nxc6
bxc6 9. e5 Nd5 10. exd6 Bxd6 11. O-O Qc7 12. g3 Bb7 13. c4 Nf6 14. Bf3 O-O-O
15. Qe2 h5 16. h4 Rh6 17. Nd2 Rg6 18. Bxf6 gxf6 19. Ne4 Be5 20. Rad1 Rdg8 21.
c5 Qe7 22. Bxh5 R6g7 23. Nd6+ Kb8 24. Rd3 a5 25. Nxb7 Qxb7 26. Qd2 Qc7 27. Kh1
Rh7 28. Rd7 Qc8 29. Bxf7 Rgh8 30. Bxe6 Qe8 31. Rxh7 Rxh7 32. Bf5 Rh5 33. Bg4
Rh7 34. Rd1 Bc7 35. Qd3 Rg7 36. Bd7 Qe5 37. Bxc6 Qxc5 38. Qb5+ Qxb5 39. Bxb5 f5
40. Bd7 Rf7 41. h5 Rf8 42. Kg2 Rd8 43. Rd3 Rh8 44. Bxf5 Rxh5 45. Bd7 Rc5 46. a3
Rc2 47. b4 axb4 48. axb4 Bb6 49. Rf3 Kc7 50. Be6 Kd6 51. Bg8 Ke5 52. b5 Rc5 53.
Bh7 Ke6 54. Bd3 Ke7 55. g4 Rc8 56. g5 Rg8 57. g6 Rg7 58. Kg3 Bd4 59. Kg4 Ke8
60. Rf4 1-0

[Event "Europa ch s-18"]
[Site "Herceg Novi MNT"]
[Date "2008.09.22"]
[Round "7.34"]
[White "Acarbay, Aydin"]
[Black "Pasku, Llambi"]
[Result "1-0"]
[WhiteElo "1825"]
[BlackElo "2086"]
[PlyCount "93"]
[EventDate "2008.09.15"]
[EventType "swiss"]
[EventRounds "9"]
[Source "lmi"]
[SourceDate "2008.09.15"]

1. d4 Nf6 2. Nf3 g6 3. Bf4 Bg7 4. e3 d6 5. Bd3 O-O 6. Nbd2 Nc6 7. c3 e5 8. Bg5
h6 9. Bh4 Re8 10. dxe5 Nxe5 11. Nxe5 Rxe5 12. Nf3 Re8 13. Qc2 Be6 14. O-O a6
15. Rad1 Bg4 16. h3 Bxf3 17. gxf3 Qd7 18. Kg2 Kh8 19. Bg3 Nh5 20. Bh2 Qe6 21.
Qb3 Qxb3 22. axb3 Nf6 23. Ra1 Nd7 24. Bc4 Kg8 25. b4 Nb6 26. Bb3 Rac8 27. Rad1
Ra8 28. Ra1 Be5 29. f4 Bf6 30. Ra5 Kf8 31. Kf3 Nd7 32. Rd1 b6 33. Ra2 a5 34.
Bd5 Rab8 35. Bc6 Ke7 36. Rd2 axb4 37. cxb4 Red8 38. Ra7 Rbc8 39. Bb7 Rb8 40.
Bc6 Rbc8 41. Kg2 Nf8 42. Bb7 Rb8 43. Bd5 Rd7 44. Bc6 Rdd8 45. Rxc7+ Nd7 46. f5
gxf5 47. Bxd6+ 1-0

[Event "Europa ch s-18"]
[Site "Herceg Novi MNT"]
[Date "2008.09.22"]
[Round "7.35"]
[White "Boyarchenko, Alex"]
[Black "Wallin, Aleksi"]
[Result "1-0"]
[WhiteElo "1941"]
[BlackElo "1887"]
[PlyCount "69"]
[EventDate "2008.09.15"]
[EventType "swiss"]
[EventRounds "9"]
[Source "lmi"]
[SourceDate "2008.09.15"]

1. e4 c5 2. Nf3 e6 3. c3 Nf6 4. e5 Nd5 5. d4 cxd4 6. cxd4 d6 7. Bc4 Nb6 8. Bd3
Nc6 9. O-O Nb4 10. Bb5+ Bd7 11. Bxd7+ Qxd7 12. Qe2 Be7 13. Nc3 O-O 14. Qe4 N4d5
15. Re1 Nxc3 16. bxc3 d5 17. Qg4 Rfc8 18. Bh6 Bf8 19. h4 Kh8 20. Bg5 Rxc3 21.
Qh5 Nc4 22. Nh2 Rc8 23. Ng4 b5 24. Bf6 Na3 25. Rad1 b4 26. f4 Rg3 27. Kh2 Rcc3
28. Rc1 Nb5 29. Rxc3 Rxc3 30. Qg5 Nxd4 31. h5 Nf5 32. h6 Qb7 33. Bxg7+ Nxg7 34.
hxg7+ Bxg7 35. Qd8+ 1-0

[Event "Europa ch s-18"]
[Site "Herceg Novi MNT"]
[Date "2008.09.23"]
[Round "8.1"]
[White "Chirila, Ioan Cristian"]
[Black "Swiercz, Dariusz"]
[Result "1-0"]
[WhiteElo "2425"]
[BlackElo "2456"]
[PlyCount "93"]
[EventDate "2008.09.15"]
[EventType "swiss"]
[EventRounds "9"]
[Source "lmi"]
[SourceDate "2008.09.15"]

1. e4 c5 2. Nf3 Nc6 3. d4 cxd4 4. Nxd4 g6 5. Nc3 Bg7 6. Be3 Nf6 7. Bc4 Qa5 8.
O-O O-O 9. h3 d6 10. Bb3 Bd7 11. f4 Rac8 12. Nf3 Rfd8 13. Qe1 Be8 14. Rd1 e6
15. Qh4 Qh5 16. Qf2 b5 17. a3 a5 18. Nd2 b4 19. Ne2 bxa3 20. f5 a4 21. Bxa4 g5
22. Bb3 d5 23. Ng3 Qh4 24. exd5 exd5 25. Nf3 Qb4 26. bxa3 Qxa3 27. Bxg5 Rd6 28.
Bxf6 Bxf6 29. Nh5 d4 30. Nxf6+ Rxf6 31. Nxd4 Nxd4 32. Rxd4 Qc5 33. Kh1 Qf8 34.
Qg3+ Kh8 35. Qe5 Qg7 36. Rg4 Rg6 37. f6 Qh6 38. Be6 Ra8 39. Qd5 Rxg4 40. Bxg4
Rb8 41. Qd6 Ra8 42. Bf3 Rc8 43. Bb7 Rc3 44. Re1 Rxh3+ 45. gxh3 Qxh3+ 46. Qh2
Qd7 47. Qg2 1-0

[Event "Europa ch s-18"]
[Site "Herceg Novi MNT"]
[Date "2008.09.23"]
[Round "8.2"]
[White "Can, Emre"]
[Black "Kopylov, Alexander A"]
[Result "0-1"]
[WhiteElo "2460"]
[BlackElo "2421"]
[PlyCount "106"]
[EventDate "2008.09.15"]
[EventType "swiss"]
[EventRounds "9"]
[Source "lmi"]
[SourceDate "2008.09.15"]

1. e4 c5 2. c3 d5 3. exd5 Qxd5 4. d4 Nf6 5. Nf3 Nc6 6. Be2 e6 7. Na3 Qd8 8. Nc2
b6 9. O-O Bb7 10. Bf4 Be7 11. Qd3 O-O 12. Rad1 Qc8 13. c4 Rd8 14. Qc3 Ne4 15.
Qe3 Nxd4 16. Ncxd4 cxd4 17. Nxd4 Bc5 18. Bf3 Nf6 19. Bxb7 Qxb7 20. Qf3 Qxf3 21.
Nxf3 Ne4 22. Be3 f6 23. Bxc5 Nxc5 24. b3 e5 25. Rfe1 Kf7 26. Kf1 g5 27. g4 h5
28. gxh5 g4 29. Nh4 Ke6 30. Ng6 Kf5 31. Ne7+ Kg5 32. Nd5 Rh8 33. Nc7 Rac8 34.
Nb5 Rxh5 35. Nd6 Rf8 36. Kg2 Ne6 37. Ne4+ Kg6 38. Rd6 Nd4 39. Rh1 Rh3 40. b4
Nf5 41. Rd7 Nh4+ 42. Kf1 Ra3 43. Rd2 Nf3 44. Rc2 Rd8 45. h4 gxh3 46. Rc1 f5 47.
Nc3 h2 48. Kg2 e4 49. c5 bxc5 50. bxc5 Kf6 51. c6 Rg8+ 52. Kh3 Ke5 53. Rc2 Nd4
0-1

[Event "Europa ch s-18"]
[Site "Herceg Novi MNT"]
[Date "2008.09.23"]
[Round "8.3"]
[White "Vila Gazquez, Xavier"]
[Black "Nabaty, Tamir"]
[Result "1-0"]
[WhiteElo "2419"]
[BlackElo "2431"]
[PlyCount "151"]
[EventDate "2008.09.15"]
[EventType "swiss"]
[EventRounds "9"]
[Source "lmi"]
[SourceDate "2008.09.15"]

1. e4 e5 2. Nf3 Nc6 3. Bb5 a6 4. Bxc6 dxc6 5. O-O Bg4 6. h3 h5 7. d3 Qf6 8.
Nbd2 g5 9. Re1 Be6 10. d4 exd4 11. e5 Qg7 12. Nxd4 O-O-O 13. Nxe6 fxe6 14. Qe2
g4 15. Qe3 Ne7 16. h4 Nf5 17. Qa7 g3 18. f3 Qe7 19. Ne4 Qxh4 20. Bg5 Bc5+ 21.
Qxc5 Qh2+ 22. Kf1 Rd4 23. Nxg3 Nxg3+ 24. Kf2 Nf5 25. Qa7 Qg3+ 26. Kf1 Re8 27.
Rad1 c5 28. c3 Qxg5 29. cxd4 Rg8 30. g4 hxg4 31. Qa8+ Kd7 32. Qxb7 gxf3 33.
dxc5+ Ke8 34. Qc8+ Kf7 35. Rd7+ Ne7 36. Rxe7+ Qxe7 37. Qb7 Qxc5 38. Qxf3+ Ke7
39. Qf6+ Ke8 40. Qxe6+ Kf8 41. Qc8+ Kg7 42. Qd7+ Kh8 43. Qh3+ Kg7 44. Qg3+ Kh8
45. Qh2+ Kg7 46. Qg3+ Kh8 47. Qh4+ Kg7 48. Qg5+ Kh7 49. Qe3 Rf8+ 50. Kg1 Qc2
51. Re2 Qb1+ 52. Kh2 Qf5 53. Qh3+ Qxh3+ 54. Kxh3 Kg6 55. Kg4 Rb8 56. a3 Rb3 57.
Kf4 Kf7 58. Kf5 Ke7 59. Rc2 Kd7 60. Rd2+ Ke7 61. Rh2 Rf3+ 62. Ke4 Rb3 63. Kd5
Rb6 64. Rh7+ Kd8 65. b4 a5 66. b5 Rxb5+ 67. Ke6 Rb6+ 68. Kf7 c5 69. Rh8+ Kd7
70. Ra8 Rb3 71. e6+ Kd6 72. Rd8+ Kc6 73. e7 Re3 74. e8=Q+ Rxe8 75. Rxe8 c4 76.
Ke6 1-0

[Event "Europa ch s-18"]
[Site "Herceg Novi MNT"]
[Date "2008.09.23"]
[Round "8.5"]
[White "Recuero Guerra, David"]
[Black "Shukh, Nikolai"]
[Result "1-0"]
[WhiteElo "2417"]
[BlackElo "2370"]
[PlyCount "125"]
[EventDate "2008.09.15"]
[EventType "swiss"]
[EventRounds "9"]
[Source "lmi"]
[SourceDate "2008.09.15"]

1. e4 c5 2. Nf3 d6 3. d4 cxd4 4. Nxd4 Nf6 5. Nc3 g6 6. Be3 Bg7 7. f3 O-O 8. Qd2
Nc6 9. O-O-O d5 10. Kb1 Nxd4 11. e5 Nf5 12. exf6 Bxf6 13. Nxd5 Qxd5 14. Qxd5
Nxe3 15. Qd2 Nxd1 16. Qxd1 Be6 17. Bb5 Rfd8 18. Qe2 Rd4 19. Rd1 Rad8 20. Rxd4
Rxd4 21. Bd3 Kg7 22. g3 Rd6 23. f4 Bh3 24. Kc1 h5 25. c3 b6 26. Kc2 Bg4 27. Qg2
Be6 28. a3 a5 29. Qf3 Bg4 30. Qf1 Bd7 31. Kc1 Bc6 32. Bc2 Bd7 33. Kb1 Rd2 34.
Qg1 Rd6 35. Qf2 Bg4 36. Qg2 Re6 37. Qf2 Rd6 38. f5 Bg5 39. fxg6 fxg6 40. Qg2
Be6 41. Qe2 Bf7 42. Qb5 Bf6 43. Bb3 e6 44. h4 Kg8 45. Qc4 Kg7 46. g4 hxg4 47.
Qxg4 b5 48. h5 g5 49. Qf3 Be5 50. h6+ Kf8 51. Bc2 Ke7 52. Qb7+ Rd7 53. Qxb5 Rd5
54. Qb7+ Rd7 55. Qa8 Bf6 56. Qxa5 Bh5 57. h7 Bf3 58. Qc5+ Rd6 59. Ba4 Be4+ 60.
Ka1 e5 61. Qc7+ Ke6 62. Qc8+ Ke7 63. Qe8# 1-0

[Event "Europa ch s-18"]
[Site "Herceg Novi MNT"]
[Date "2008.09.23"]
[Round "8.6"]
[White "Samolins, Vitalijs"]
[Black "Salgado Lopez, Ivan"]
[Result "1/2-1/2"]
[WhiteElo "2444"]
[BlackElo "2532"]
[PlyCount "53"]
[EventDate "2008.09.15"]
[EventType "swiss"]
[EventRounds "9"]
[Source "lmi"]
[SourceDate "2008.09.15"]

1. e4 c5 2. Nc3 a6 3. a4 Nc6 4. g3 g6 5. Bg2 Bg7 6. d3 d6 7. f4 Nf6 8. Nf3 Bg4
9. h3 Bxf3 10. Qxf3 Nd7 11. O-O Nd4 12. Qd1 Rb8 13. Ne2 Nxe2+ 14. Qxe2 c4 15.
dxc4 Bxb2 16. Bxb2 Qb6+ 17. c5 Qxb2 18. cxd6 exd6 19. Rad1 Rc8 20. Rf2 Qa3 21.
e5 dxe5 22. Bxb7 Rc7 23. Rd3 Qc1+ 24. Rd1 Qa3 25. Rd3 Qc1+ 26. Rd1 Qa3 27. Rd3
1/2-1/2

[Event "Europa ch s-18"]
[Site "Herceg Novi MNT"]
[Date "2008.09.23"]
[Round "8.7"]
[White "Levin, Evgeny A"]
[Black "Benidze, Davit"]
[Result "1/2-1/2"]
[WhiteElo "2488"]
[BlackElo "2389"]
[PlyCount "71"]
[EventDate "2008.09.15"]
[EventType "swiss"]
[EventRounds "9"]
[Source "lmi"]
[SourceDate "2008.09.15"]

1. c4 Nf6 2. Nc3 c5 3. Nf3 Nc6 4. e3 e6 5. d4 d5 6. a3 cxd4 7. exd4 Be7 8. Bd3
dxc4 9. Bxc4 O-O 10. O-O a6 11. Bg5 b5 12. Bd3 Bb7 13. Re1 h6 14. Be3 Nd5 15.
Bc2 Nxc3 16. bxc3 Na5 17. Ne5 f5 18. Qh5 Qe8 19. Ng6 Rf6 20. Nxe7+ Qxe7 21. Bf4
Rc8 22. Re3 Nc4 23. Rg3 Qf7 24. Qe2 Rg6 25. a4 Rxg3 26. fxg3 Bd5 27. axb5 axb5
28. h4 Nb6 29. Qxb5 Rxc3 30. Qxb6 Rxc2 31. Ra7 Qh5 32. Qd8+ Kh7 33. Rxg7+ Kxg7
34. Be5+ Kf7 35. Qd7+ Kf8 36. Qd8+ 1/2-1/2

[Event "Europa ch s-18"]
[Site "Herceg Novi MNT"]
[Date "2008.09.23"]
[Round "8.9"]
[White "Rozum, Ivan"]
[Black "Pavlidis, Anastasios"]
[Result "0-1"]
[WhiteElo "2444"]
[BlackElo "2270"]
[PlyCount "134"]
[EventDate "2008.09.15"]
[EventType "swiss"]
[EventRounds "9"]
[Source "lmi"]
[SourceDate "2008.09.15"]

1. d4 d5 2. c4 c6 3. Nf3 Nf6 4. Nc3 e6 5. Bg5 dxc4 6. a4 Qa5 7. Bxf6 gxf6 8. e3
Bb4 9. Qc1 Rg8 10. Nd2 e5 11. Nxc4 Qc7 12. Qc2 Rg7 13. g3 Be6 14. Be2 Nd7 15.
O-O O-O-O 16. Rfd1 exd4 17. Rxd4 Bc5 18. Rf4 Ne5 19. Ne4 Be7 20. Nxf6 Ng6 21.
Nh5 Nxf4 22. Nxg7 Nxe2+ 23. Qxe2 Bxc4 24. Qxc4 Qe5 25. Qxf7 Qxb2 26. Ra2 Qf6
27. Qxf6 Bxf6 28. Nf5 Rd1+ 29. Kg2 Ra1 30. Rd2 a5 31. f4 Rxa4 32. e4 Bc3 33.
Re2 Rb4 34. Re3 Rb2+ 35. Kh3 Bb4 36. e5 a4 37. e6 Rb3 38. Re2 a3 39. e7 Bxe7
40. Nxe7+ Kd7 41. Nf5 Rb2 42. Re7+ Kc8 43. Re8+ Kc7 44. Ra8 a2 45. Ne3 b5 46.
f5 b4 47. f6 Rf2 48. Nd1 Rf1 49. Rxa2 Rxd1 50. Ra7+ Kd6 51. Rxh7 Rf1 52. Rb7 c5
53. g4 Rxf6 54. g5 Rf8 55. g6 Rg8 56. Rb6+ Kc7 57. Rf6 b3 58. Rf3 Rb8 59. g7 b2
60. Rf7+ Kd6 61. Rf6+ Kc7 62. Rf7+ Kd6 63. Rf6+ Ke5 64. Rf8 b1=Q 65. g8=Q Qd3+
66. Kg4 Rb4+ 67. Kg5 Qd2+ 0-1

[Event "Europa ch s-18"]
[Site "Herceg Novi MNT"]
[Date "2008.09.23"]
[Round "8.10"]
[White "Saric, Ivan"]
[Black "Rahmanov, Shakhiyar"]
[Result "1-0"]
[WhiteElo "2511"]
[BlackElo "2145"]
[PlyCount "115"]
[EventDate "2008.09.15"]
[EventType "swiss"]
[EventRounds "9"]
[Source "lmi"]
[SourceDate "2008.09.15"]

1. e4 c5 2. Nf3 d6 3. d4 cxd4 4. Nxd4 Nf6 5. Nc3 g6 6. Be3 Bg7 7. f3 O-O 8. Qd2
Nc6 9. O-O-O Bd7 10. g4 Ne5 11. h4 b5 12. Bh6 b4 13. Nd5 Bxh6 14. Qxh6 e6 15.
Nxf6+ Qxf6 16. h5 Qg7 17. Qg5 Rfe8 18. h6 f6 19. Qd2 Qe7 20. Qxb4 a5 21. Qa3
Reb8 22. Be2 g5 23. c3 Rb6 24. Rd2 Qf8 25. Nc2 a4 26. Ne3 Rc8 27. Rhd1 Rcc6 28.
Rd4 Qxh6 29. Rxd6 Qf8 30. Rxd7 Nxd7 31. Rxd7 Qxa3 32. bxa3 Rxc3+ 33. Nc2 Rbc6
34. Bd1 Rxa3 35. Kb2 Rac3 36. Rd4 e5 37. Rxa4 Rd3 38. Nb4 Rd2+ 39. Ka3 Rc3+ 40.
Bb3+ Kh8 41. Ra8+ Kg7 42. Nd5 Rxf3 43. Ne7 h6 44. Nf5+ Rxf5 45. exf5 h5 46.
Ra7+ Kh8 47. gxh5 g4 48. Ra8+ Kh7 49. Rg8 Rg2 50. Rg6 e4 51. Kb4 g3 52. Kc3 Rg1
53. Kd2 g2 54. Ke2 Rf1 55. Rxg2 Rxf5 56. Ke3 Rxh5 57. Kxe4 Ra5 58. a4 1-0

[Event "Europa ch s-18"]
[Site "Herceg Novi MNT"]
[Date "2008.09.23"]
[Round "8.11"]
[White "Burg, Twan"]
[Black "Potapov, Pavel"]
[Result "1-0"]
[WhiteElo "2359"]
[BlackElo "2418"]
[PlyCount "73"]
[EventDate "2008.09.15"]
[EventType "swiss"]
[EventRounds "9"]
[Source "lmi"]
[SourceDate "2008.09.15"]

1. e4 c5 2. Nf3 Nc6 3. d4 cxd4 4. Nxd4 e5 5. Nb5 d6 6. N1c3 a6 7. Na3 Be7 8.
Nc4 b5 9. Ne3 Nf6 10. g3 O-O 11. Bg2 Be6 12. O-O Rc8 13. Ncd5 Nd7 14. c3 Nc5
15. b3 g6 16. Bb2 a5 17. f4 f6 18. Qd2 Qe8 19. Rad1 Bd8 20. f5 Bxd5 21. Qxd5+
Kg7 22. Qxd6 Bb6 23. Qd2 a4 24. b4 Nb7 25. Kh1 Bxe3 26. Qxe3 Qe7 27. Rd5 Nd6
28. Bc1 g5 29. Rfd1 Nc4 30. Qe2 Rfd8 31. Rxb5 Rxd1+ 32. Qxd1 Qa7 33. h4 h6 34.
Rd5 Ne7 35. Rd7 Rc7 36. Rxc7 Qxc7 37. Qh5 1-0

[Event "Europa ch s-18"]
[Site "Herceg Novi MNT"]
[Date "2008.09.23"]
[Round "8.12"]
[White "Baryshpolets, Andrey"]
[Black "Anton, Teodor"]
[Result "1-0"]
[WhiteElo "2413"]
[BlackElo "2353"]
[PlyCount "55"]
[EventDate "2008.09.15"]
[EventType "swiss"]
[EventRounds "9"]
[Source "lmi"]
[SourceDate "2008.09.15"]

1. Nf3 c5 2. e4 e6 3. d4 cxd4 4. Nxd4 Qb6 5. Nb3 Nc6 6. Nc3 Nf6 7. Bd3 a6 8.
Be3 Qc7 9. f4 d6 10. Qf3 Be7 11. O-O-O Rb8 12. g4 b5 13. g5 Nd7 14. Kb1 b4 15.
Ne2 a5 16. Nbd4 Nxd4 17. Nxd4 a4 18. f5 Ne5 19. Bb5+ Rxb5 20. Nxb5 Qc4 21. Qf1
Qxe4 22. f6 gxf6 23. gxf6 b3 24. Ka1 bxc2 25. Rxd6 Qxe3 26. Nc7+ Kf8 27. fxe7+
Kxe7 28. Nd5+ 1-0

[Event "Europa ch s-18"]
[Site "Herceg Novi MNT"]
[Date "2008.09.23"]
[Round "8.16"]
[White "Lichmann, Peter"]
[Black "Krejci, Jan"]
[Result "0-1"]
[WhiteElo "2375"]
[BlackElo "2305"]
[PlyCount "92"]
[EventDate "2008.09.15"]
[EventType "swiss"]
[EventRounds "9"]
[Source "lmi"]
[SourceDate "2008.09.15"]

1. e4 e5 2. Nf3 Nc6 3. d4 exd4 4. Bc4 Nf6 5. e5 Ng4 6. Bxf7+ Kxf7 7. Ng5+ Kg8
8. Qxg4 h6 9. Nf3 d6 10. Qe4 dxe5 11. Nxe5 Qf6 12. Nxc6 bxc6 13. c3 Bf5 14.
Qxd4 Qg6 15. O-O Bxb1 16. Bf4 Be4 17. f3 Bd5 18. c4 Bf7 19. Bxc7 Qe6 20. b3 Qe7
21. Be5 Qc5 22. Kh1 Qxd4 23. Bxd4 Kh7 24. Rad1 Bb4 25. g4 Rhe8 26. Kg2 a6 27.
Bb6 Re2+ 28. Rf2 Rae8 29. Rd7 R2e7 30. Rd1 Bg6 31. Bd8 Re2 32. Bb6 Re1 33. Rd7
R1e7 34. Rd1 Be1 35. Rb2 Bh4 36. Bd8 Re1 37. Rxe1 Bxe1 38. Bc7 Bc3 39. Rf2 Bd3
40. Bf4 Be1 41. Rb2 Re2+ 42. Rxe2 Bxe2 43. Be5 Bd3 44. a3 Bd2 45. Bb2 a5 46.
Kf2 a4 0-1

[Event "Europa ch s-18"]
[Site "Herceg Novi MNT"]
[Date "2008.09.23"]
[Round "8.17"]
[White "Katov, Luboslav"]
[Black "Kulakov, Viacheslav"]
[Result "1/2-1/2"]
[WhiteElo "2242"]
[BlackElo "2360"]
[PlyCount "120"]
[EventDate "2008.09.15"]
[EventType "swiss"]
[EventRounds "9"]
[Source "lmi"]
[SourceDate "2008.09.15"]

1. d4 d5 2. Nf3 Nf6 3. c4 e6 4. g3 c6 5. Bg2 Nbd7 6. O-O Be7 7. Qc2 O-O 8. Nbd2
b6 9. e4 dxc4 10. Nxc4 Bb7 11. Rd1 c5 12. Nfe5 cxd4 13. Rxd4 Bc5 14. Rd3 Qe7
15. Bg5 Nxe5 16. Nxe5 Rfc8 17. Qd2 Rd8 18. Rd1 Rxd3 19. Qxd3 Bxf2+ 20. Kxf2
Qc5+ 21. Qd4 Qxe5 22. Bxf6 Qxf6+ 23. Qxf6 gxf6 24. Rd7 Rb8 25. Bf3 a5 26. Bh5
Bc6 27. Bxf7+ Kg7 28. Rc7 Bxe4 29. Bxe6+ Kg6 30. Ke3 Bb1 31. Kf4 Rd8 32. Bd7 b5
33. Ra7 b4 34. b3 h5 35. h3 Bc2 36. g4 hxg4 37. hxg4 Kh6 38. Bf5 Bxf5 39. Kxf5
Rd2 40. Rxa5 Rf2+ 41. Ke4 Rg2 42. Kf3 Rd2 43. Ra4 Rd4 44. Ra6 Kg6 45. Ra5 Rd2
46. Rb5 Rd4 47. Kg3 Re4 48. Kf3 Rd4 49. Rc5 Rd2 50. Rc4 Rxa2 51. Rxb4 Rb2 52.
Kf4 Rb1 53. Rb5 Rf1+ 54. Kg3 Rg1+ 55. Kf3 Rf1+ 56. Kg2 Rb1 57. b4 Rb3 58. Kf2
Kf7 59. Rb8 Kg6 60. Rb5 Kf7 1/2-1/2